000 00319pam a2200133a 44500
008 230405s2022 xxu||||| |||| 00| 0 eng d
041 _aENG
100 _aV N RAJE
245 _aHUMAN ANATOMY AND PHYSIOLOGY (V N RAJE )
250 _a1
260 _aNEW DELHI
_bCBS PUBLISHERS
_c2022
300 _a189
906 _a2970
999 _c268409
_d268409